<?xml version="1.0" encoding="UTF-8"?><?xml-stylesheet type="text/xsl" href="static/style.xsl"?><OAI-PMH xmlns="http://www.openarchives.org/OAI/2.0/" xmlns:xsi="http://www.w3.org/2001/XMLSchema-instance" xsi:schemaLocation="http://www.openarchives.org/OAI/2.0/ http://www.openarchives.org/OAI/2.0/OAI-PMH.xsd"><responseDate>2026-04-18T02:56:53Z</responseDate><request verb="GetRecord" identifier="oai:www.recercat.cat:20.500.12327/124" metadataPrefix="marc">https://recercat.cat/oai/request</request><GetRecord><record><header><identifier>oai:recercat.cat:20.500.12327/124</identifier><datestamp>2025-10-22T11:07:05Z</datestamp><setSpec>com_2072_4428</setSpec><setSpec>com_2072_4427</setSpec><setSpec>col_2072_487898</setSpec></header><metadata><record xmlns="http://www.loc.gov/MARC21/slim" xmlns:dcterms="http://purl.org/dc/terms/" xmlns:xsi="http://www.w3.org/2001/XMLSchema-instance" xmlns:doc="http://www.lyncode.com/xoai" xsi:schemaLocation="http://www.loc.gov/MARC21/slim http://www.loc.gov/standards/marcxml/schema/MARC21slim.xsd">
   <leader>00925njm 22002777a 4500</leader>
   <datafield ind2=" " ind1=" " tag="042">
      <subfield code="a">dc</subfield>
   </datafield>
   <datafield ind2=" " ind1=" " tag="720">
      <subfield code="a">El-Madany, Tarek S.</subfield>
      <subfield code="e">author</subfield>
   </datafield>
   <datafield ind2=" " ind1=" " tag="720">
      <subfield code="a">Reichstein, Markus</subfield>
      <subfield code="e">author</subfield>
   </datafield>
   <datafield ind2=" " ind1=" " tag="720">
      <subfield code="a">Perez-Priego, Oscar</subfield>
      <subfield code="e">author</subfield>
   </datafield>
   <datafield ind2=" " ind1=" " tag="720">
      <subfield code="a">Carrara, Arnaud</subfield>
      <subfield code="e">author</subfield>
   </datafield>
   <datafield ind2=" " ind1=" " tag="720">
      <subfield code="a">Moreno, Gerardo</subfield>
      <subfield code="e">author</subfield>
   </datafield>
   <datafield ind2=" " ind1=" " tag="720">
      <subfield code="a">Martín, M. Pilar</subfield>
      <subfield code="e">author</subfield>
   </datafield>
   <datafield ind2=" " ind1=" " tag="720">
      <subfield code="a">Pacheco-Labrador, Javier</subfield>
      <subfield code="e">author</subfield>
   </datafield>
   <datafield ind2=" " ind1=" " tag="720">
      <subfield code="a">Wohlfahrt, Georg</subfield>
      <subfield code="e">author</subfield>
   </datafield>
   <datafield ind2=" " ind1=" " tag="720">
      <subfield code="a">Nieto, Hector</subfield>
      <subfield code="e">author</subfield>
   </datafield>
   <datafield ind2=" " ind1=" " tag="720">
      <subfield code="a">Weber, Ulrich</subfield>
      <subfield code="e">author</subfield>
   </datafield>
   <datafield ind2=" " ind1=" " tag="720">
      <subfield code="a">Kolle, Olaf</subfield>
      <subfield code="e">author</subfield>
   </datafield>
   <datafield ind2=" " ind1=" " tag="720">
      <subfield code="a">Luo, Yun-Peng</subfield>
      <subfield code="e">author</subfield>
   </datafield>
   <datafield ind2=" " ind1=" " tag="720">
      <subfield code="a">Carvalhais, Nuno</subfield>
      <subfield code="e">author</subfield>
   </datafield>
   <datafield ind2=" " ind1=" " tag="720">
      <subfield code="a">Migliavacca, Mirco</subfield>
      <subfield code="e">author</subfield>
   </datafield>
   <datafield ind2=" " ind1=" " tag="260">
      <subfield code="c">2018-07-25</subfield>
   </datafield>
   <datafield ind2=" " ind1=" " tag="520">
      <subfield code="a">To understand what is driving spatial flux variability within a savanna type ecosystem in central Spain, data of&#xd;
three co-located eddy covariance (EC) towers in combination with hyperspectral airborne measurements and&#xd;
footprint analysis were used. The three EC systems show consistent, and unbiased mass and energy fluxes.&#xd;
Nevertheless, instantaneous between-tower flux differences i.e. paired half hourly fluxes, showed large variability. A period of 13 days around an airborne hyperspectral campaign was analyzed and proved that betweentower differences can be associated to biophysical properties of the sampled footprint areas. At high photosynthetically active radiation (PAR) net ecosystem exchange (NEE) was mainly controlled by chlorophyll content&#xd;
of the vegetation (estimated through MERIS Terrestrial Chlorophyll Index (MTCI)), while sensible heat flux (H)&#xd;
was driven by surface temperature. The spatial variability of biophysical properties translates into flux variability depending on the location and size of footprints. For H, negative correlations were found with surface&#xd;
temperature for between-tower differences, and for individual towers in time, meaning that higher H was observed at lower surface temperatures. High aerodynamic conductance of tree canopies reduces the canopy&#xd;
surface temperature and the excess energy is relieved as H. Therefore, higher tree canopy fractions yielded to&#xd;
lower surface temperatures and at the same time to higher H. For NEE, flux differences between towers were&#xd;
correlated to differences in MTCI of the respective footprints, showing that higher chlorophyll content of the&#xd;
vegetation translates into more photosynthetic CO2 uptake, which controls NEE variability. Between-tower&#xd;
differences of latent heat fluxes (LE) showed no consistent correlation to any vegetation index (VI), or structural&#xd;
parameter e.g. tree-grass-fraction. This missing correlation is most likely caused by the large contribution of soil&#xd;
evaporation to ecosystem LE, which is not captured by any of the biophysical and structural properties.&#xd;
To analyze if spatial heterogeneity influences the uncertainty of measured fluxes three different measures of&#xd;
uncertainty were compared: the standard deviation of the marginal distribution sampling (MDS), the two-towerapproach (TTA), and the variance of the covariance (RE). All three uncertainty estimates had similar means and&#xd;
distributions at the individual towers while the methods were significantly different to each other. The uncertainty estimates increased from RE over TTA to MDS, indicating that different components like space, time,&#xd;
meteorology, and phenology are factors, which affect the uncertainty estimates. Differences between uncertainty&#xd;
estimates from the RE and TTA indicate that spatial heterogeneity contributes significantly to the ecosystem-flux&#xd;
uncertainty</subfield>
   </datafield>
   <datafield ind1="8" ind2=" " tag="024">
      <subfield code="a">El-Madany, Tarek S., Markus Reichstein, Oscar Perez-Priego, Arnaud Carrara, Gerardo Moreno, M. Pilar Martín, and Javier Pacheco-Labrador et al. 2018. "Drivers Of Spatio-Temporal Variability Of Carbon Dioxide And Energy Fluxes In A Mediterranean Savanna Ecosystem". Agricultural And Forest Meteorology 262: 258-278. Elsevier BV. doi:10.1016/j.agrformet.2018.07.010.</subfield>
   </datafield>
   <datafield ind1="8" ind2=" " tag="024">
      <subfield code="a">0168-1923</subfield>
   </datafield>
   <datafield ind1="8" ind2=" " tag="024">
      <subfield code="a">http://hdl.handle.net/20.500.12327/124</subfield>
   </datafield>
   <datafield ind1="8" ind2=" " tag="024">
      <subfield code="a">https://doi.org/10.1016/j.agrformet.2018.07.010</subfield>
   </datafield>
   <datafield ind2="0" ind1="0" tag="245">
      <subfield code="a">Drivers of spatio-temporal variability of carbon dioxide and energyfluxes ina Mediterranean savanna ecosystem</subfield>
   </datafield>
</record></metadata></record></GetRecord></OAI-PMH>